07 福島県の市町村 人口順 - Statistics

General Stats
  • This quiz has been taken 2 times
  • The average score is 31 of 59
Answer Stats
順位 人口 市町村 % Correct
1 316,298 郡山市
100%
2 313,576 いわき市
100%
3 268,906 福島市
100%
4 109,493 会津若松市
100%
5 71,410 須賀川市
100%
6 55,695 白河市
100%
7 54,652 南相馬市
100%
8 54,022 伊達市
100%
9 49,456 二本松市
100%
10 40,755 喜多方市
100%
11 32,281 相馬市
100%
12 31,821 田村市
100%
13 29,610 本宮市
100%
14 21,244 西郷村
100%
15 17,034 会津美里町
50%
16 16,730 矢吹町
50%
17 16,026 三春町
50%
18 13,512 会津坂下町
50%
19 13,244 石川町
50%
20 12,521 南会津町
50%
21 12,092 猪苗代町
50%
22 12,073 棚倉町
50%
23 11,974 鏡石町
50%
24 10,713 桑折町
50%
25 10,674 川俣町
50%
26 8,934 大玉村
50%
27 8,294 小野町
50%
28 7,757 国見町
50%
29 7,498 塙町
50%
30 7,369 新地町
50%
31 5,861 泉崎村
50%
32 5,743 玉川村
50%
33 5,460 浅川町
50%
34 5,192 広野町
50%
47 2,577 鮫川村
50%
48 2,228 北塩原村
50%
49 1,701 川内村
50%
50 1,637 金山町
50%
51 1,209 三島町
50%
52 1,082 昭和村
50%
53 476 檜枝岐村
50%
54 407 飯舘村
50%
55 266 葛尾村
50%
56 0 富岡町
50%
56 0 大熊町
50%
56 0 双葉町
50%
56 0 浪江町
50%
35 5,169 平田村
0%
36 5,001 西会津町
0%
37 4,811 矢祭町
0%
38 4,784 天栄村
0%
39 4,571 中島村
0%
40 4,437 下郷町
0%
41 4,182 古殿町
0%
42 3,455 只見町
0%
43 3,248 楢葉町
0%
44 3,014 磐梯町
0%
45 2,850 湯川村
0%
46 2,640 柳津町
0%
No matching quizzes found
Score Distribution
Percent of People with Each Score
Percentile by Number Answered
Your Score History
You have not taken this quiz